000
00311nam a2200109Ia 4500
008
171211s9999 xx 000 0 und d
245
_a
Western Sufism: From the Abbasids to the New Age
245
_c
Mark Sedgwick
260
_c
2016
650
_x
RELIGION
856
_u
http://down.ebook777.com/063/019997764X.pdf
999
_c
350574
_d
350574